[Event "Raisoni Memorial op U15"]
[Site "Nagpur"]
[Date "2012.09.18"]
[Round "3"]
[White "Rakesh, Kumar Jena"]
[Black "Suyan, Belurkar"]
[Result "1-0"]
[WhiteElo "1924"]
[BlackElo "1630"]
[PlyCount "133"]
[EventDate "2012.09.17"]
[EventType "swiss"]
[EventRounds "11"]
[EventCountry "IND"]
[SourceTitle "CBM 150 Extra"]
[Source "ChessBase"]
[SourceDate "2012.10.19"]
[SourceVersion "1"]
[SourceVersionDate "2012.10.19"]
[SourceQuality "1"]

1. e4 c5 2. Nf3 g6 3. c3 Bg7 4. d4 cxd4 5. cxd4 d5 6. e5 Nc6 7. Nc3 Bg4 8. Be2 a6 9. Qb3 Bxf3 10. Bxf3 e6 11. Be3 Nge7 12. Qxb7 Na5 13. Qb4 Nec6 14. Qa4 Rb8 15. Rb1 Rb4 16. Qd1 Nc4 17. b3 Nxe3 18. fxe3 Qg5 19. Qe2 0-0 20. 0-0 Ne7 21. a3 Rbb8 22. Rfd1 Nf5 23. e4 dxe4 24. Nxe4 Qe3+ 25. Qxe3 Nxe3 26. Rd3 Nd5 27. Nd6 Rfd8 28. g3 Bf8 29. Nc4 Rdc8 30. Bxd5 exd5 31. Ne3 Rb5 32. a4 Ra5 33. Rf1 Bh6 34. Rf6 Bxe3+ 35. Rxe3 Rc1+ 36. Kg2 Rd1 37. Rf4 g5 38. Rg4 h6 39. h4 Kf8 40. hxg5 hxg5 41. Rc3 Ke7 42. Rc6 Rd2+ 43. Kh3 Rd1 44. Rb6 Kd7 45. Rb4 f6 46. exf6 Ke6 47. Rb6+ Kf5 48. f7 Rh1+ 49. Kg2 Rh8 50. Kf3 Rf8 51. Rb7 Kg6 52. Re7 Kf6 53. Rc7 Kg6 54. Ke3 Kf5 55. Rxg5+ Kxg5 56. Kd3 Kg4 57. Kc3 Kxg3 58. Kb4 Rxa4+ 59. bxa4 Kf4 60. Kc5 Ke4 61. a5 Kf5 62. Kxd5 Kf6 63. Kc6 Kg7 64. d5 Rxf7 65. Rxf7+ Kxf7 66. d6 Ke8 67. Kc7 1-0